| 000 | 00789nam a22002177a 4500 | ||
|---|---|---|---|
| 999 |
_c16746 _d16746 |
||
| 003 | AR-CdUCM | ||
| 008 | 190506b ||||| |||| 00| 0 spa d | ||
| 040 |
_aMUNICIPALIDAD PROVINCIAL DEL CUSCO _cBIBLIOTECA MUNICIPAL DEL CUSCO |
||
| 082 |
_a910.285 / _bV39 |
||
| 100 |
_aVelarde Moran, Ernesto A. _936371 |
||
| 245 | _aPerú turístico y sus vías de comunicación / | ||
| 260 | _aPerú. | ||
| 300 |
_a81 páginas ; _bilustraciones, figuras, _c25 cm. |
||
| 500 | _aTexto carece de algunos datos informativos. | ||
| 505 | _aContenido: El turismo en el Perú -- Zarumilla -- Tumbes -- Zorritos -- Talara -- Sullana ... | ||
| 650 |
_aPerú _935 |
||
| 650 |
_aTurísmo _936372 |
||
| 650 |
_aCentros Arqueológicos Turísticos _936373 |
||
| 942 |
_2ddc _cLIBROS |
||
| 945 |
_aachl _d2019-05-06 |
||